Sports Quiz

Random Sports or World Quiz

FIFA World Cup Quarter-Finalists Quiz Stats

Quiz Updated Nov 9, 2016

Challenge
Share
Tweet
Embed
Score 0/43 Timer 05:00
127 Plays Today
Confederation Country % Correct
CONMEBOLBrazil
97.5%
CONCACAFUnited States
96.6%
CONMEBOLArgentina
96%
UEFAGermany
95.6%
UEFASpain
94.3%
UEFAEngland
94.3%
UEFAFrance
93.9%
UEFAItaly
93%
CONCACAFMexico
92.4%
CONMEBOLUruguay
91.6%
UEFAPortugal
90.2%
CONMEBOLChile
88.5%
UEFANetherlands
87.6%
UEFASweden
87.4%
AFCSouth Korea
84%
CONMEBOLParaguay
82.7%
CONMEBOLColombia
82.4%
UEFABelgium
81.4%
UEFADenmark
79.5%
CONMEBOLPeru
77.9%
UEFASoviet Union
77.3%
CAFGhana
76.3%
Confederation Country % Correct
UEFA*Poland
76.3%
UEFARepublic of Ireland
75.3%
UEFASwitzerland
74.2%
UEFAAustria
73.8%
UEFATurkey
73.4%
UEFAYugoslavia
72.9%
CAFCameroon
72.6%
UEFAHungary
72.6%
UEFAWest Germany
71.8%
UEFACroatia
71.4%
CONCACAFCosta Rica
69.1%
UEFACzechoslovakia
64.4%
UEFABulgaria
63.1%
UEFAUkraine
62.1%
UEFARomania
61.6%
UEFA*East Germany
60.6%
UEFAWales
59.2%
CAFSenegal
50.7%
AFCNorth Korea
49.9%
CONCACAFCuba
46.1%
UEFANorthern Ireland
42.4%

You're not logged in!

Compare scores with friends on all Sporcle quizzes.
Join for Free
OR
Log In

You Might Also Like...

Show Comments

Extras

Top Quizzes Today


Score Distribution

Your Account Isn't Verified!

In order to create a playlist on Sporcle, you need to verify the email address you used during registration. Go to your Sporcle Settings to finish the process.

Report this User

Report this user for behavior that violates our Community Guidelines.

Details: